|
|
|
|
| LEADER |
01272nam a2200241 a 4500 |
| 001 |
GR-Antirio777 |
| 008 |
090519s2006 njua b 001 0 eng|c |
| 020 |
|
|
|a 0131872869
|
| 040 |
|
|
|a GrPaTEI
|b gre
|c GR-PaULI
|
| 082 |
|
0 |
|a 004.6
|2 22
|
| 100 |
1 |
|
|a Comer, Douglas.
|
| 245 |
1 |
0 |
|a Network systems design :
|b using network processors : Intel IXP 2xxx version /
|c Douglas E. Comer.
|
| 260 |
|
|
|a Upper Saddle River, N.J. :
|b Pearson/Prentice Hall,
|c c2006.
|
| 300 |
|
|
|a xxiv, 517 σ. :
|b εικ. ;
|c 25 εκ. +
|e 1 οπτικός δίσκος (CD)
|
| 504 |
|
|
|a Περιλαμβάνει βιβλιογραφικές παραπομπές (σ. [499]-502) και ευρετήριο.
|
| 650 |
|
0 |
|a Data transmission systems.
|
| 650 |
|
0 |
|a Internet.
|
| 650 |
|
0 |
|a System design.
|
| 942 |
|
|
|2 ddc
|
| 952 |
|
|
|0 0
|1 0
|2 ddc
|4 0
|6 004_600000000000000_COM
|7 0
|9 262200
|a LISK-2
|b LISK-2
|c BSC
|d 2021-01-17
|e 24
|f 0
|g 0.00
|l 0
|o 004.6 COM
|p 2430000007228
|r 2021-01-17 00:00:00
|t 1
|w 2021-01-17
|y BK15
|x 20090519 0 1
|x GrPaTEI - Antirrio
|
| 952 |
|
|
|0 0
|1 0
|2 ddc
|4 0
|6 004_600000000000000_COM
|7 0
|9 262201
|a LISK-2
|b LISK-2
|c BSC
|d 2021-01-17
|e 24
|f 0
|g 0.00
|l 0
|o 004.6 COM
|p 2430000007229
|r 2021-01-17 00:00:00
|t 1
|w 2021-01-17
|y BK15
|x 20090519 0 1
|x GrPaTEI - Antirrio
|
| 971 |
|
|
|a .b25705763
|b 15-04-20
|c 12-09-16
|
| 999 |
|
|
|c 151210
|d 151210
|